Cases Unveiled: A Multifaceted Compilation (Record no. 43452)

MARC details
000 -LEADER
fixed length control field 00434nam a22001697a 4500
005 - DATE AND TIME OF LATEST TRANSACTION
control field 20250327155927.0
008 - FIXED-LENGTH DATA ELEMENTS--GENERAL INFORMATION
fixed length control field 250327b |||||||| |||| 00| 0 eng d
020 ## - INTERNATIONAL STANDARD BOOK NUMBER
International Standard Book Number 9789356409347
041 ## - LANGUAGE CODE
Language code of text/sound track or separate title eng
082 ## - DEWEY DECIMAL CLASSIFICATION NUMBER
Classification number 364.15 AHM
100 ## - MAIN ENTRY--PERSONAL NAME
Author Ahmed, Salma
245 ## - TITLE STATEMENT
Title Cases Unveiled: A Multifaceted Compilation
260 ## - PUBLICATION, DISTRIBUTION, ETC.
Place New Dehli
Publisher Bloomsbury
Publication Year 2024
300 ## - PHYSICAL DESCRIPTION
Extent 245;. pages: 22 cm
650 ## - SUBJECT ADDED ENTRY--TOPICAL TERM
Subject Criminal Methods
942 ## - ADDED ENTRY ELEMENTS (KOHA)
Koha item type Books
Holdings
Withdrawn status Lost status Source of classification or shelving scheme Damaged status Not for loan Home library Current library Shelving location Accession Date Vendor Price Bill number Total Checkouts Total Renewals Full call number Barcode No Date last seen Date last checked out Discount Bill Date Koha item type Suggested By
    Dewey Decimal Classification     IMTN IMTN Rack 16-A 03/24/2025 Raghav Books Private Limited 1999.00 2374 1 1 364.15 AHM 33743 10/11/2025 07/03/2025 30 02/14/2025 Books Dr. Veena Pailwar
Designed & Maintained by: LRC IMT Nagpur Contact: lrc@imtnag.ac.in© 2024. All Rights Reserved.